00609 a2200193 450000100060000002000200000604000240002610000230005024000250007324500200009830000060011836200090012444000130013365000260014694200070017295201050017995201140028499900170039846165 a978-852629037-2 cAnchieta - Aquarius aLovatel, Marília10a=A sala de aulalpor10a=A sala de aula a 0 a2012 1aScipione 4aLiteratura brasileira cBK 00104070a87.1b87.1d2023-11-21l0o869.93 LOV ASAp3669/AQUr2023-11-21 15:12:32w2023-11-21yBK 00102ddc4070a52.1b52.1d2024-06-18l0o869.3 L946sp9788563222510r2024-06-18 14:27:14w2024-06-18yBKu c46165d46165